Marchetta di lusso /

সংরক্ষণ করুন:
গ্রন্থ-পঞ্জীর বিবরন
প্রধান লেখক: Karm, Robert (লেখক)
বিন্যাস: গ্রন্থ
ভাষা:ইতালিয়
প্রকাশিত: Roma : Cassia
মালা:I libri di Gay Italia ; 17
ট্যাগগুলো: ট্যাগ যুক্ত করুন
কোনো ট্যাগ নেই, প্রথমজন হিসাবে ট্যাগ করুন!

MARC

LEADER 00000nam a22000007i 4500
001 IT\ICCU\UBO\3580692
003 ItRI
005 20260115232342.0
008 090223s1977 it |||||| ||||| |||||c
040 |b ita  |c importazione bologna sebina 
041 7 |a ita  |2 ISO-639-2 
100 1 |a Karm, Robert  |0 IT\ICCU\MILV\276903  |4 aut 
245 1 0 |a Marchetta di lusso /  |c Robert Karm. 
260 |a Roma :  |b Cassia 
300 |a 119 p. :  |b ill. ;  |c 17 cm. 
830 2 |a I libri di Gay Italia ;  |v 17  |0 IT\ICCU\UBO\3302612 
942 |2 ddc  |c BK  |n 0 
952 |0 0  |1 0  |4 0  |6 DOC_853_914000000000000_KAR  |7 0  |9 24650  |a BO  |b BO  |d 2026-01-15  |i 12449  |l 0  |o DOC 853.914 KAR  |p BO12449  |r 2026-01-15 23:23:42  |w 2026-01-15  |x [Sebina 5] [1 v.]  |y BK  |z 1 v. 
999 |c 20964  |d 20964